header

Lions at lunchtime (Record no. 264589)

MARC details
000 -LEADER
fixed length control field 00256nam a22001097a 4500
020 ## - INTERNATIONAL STANDARD BOOK NUMBER
ISBN 0590706373
100 ## - MAIN ENTRY--AUTHOR NAME
Personal name Mary Pope Osborne
245 ## - TITLE STATEMENT
Title Lions at lunchtime
260 ## - PUBLICATION, DISTRIBUTION, ETC. (IMPRINT)
Place of publication New York
Name of publisher Random House
Year of publication 1998.
490 ## - SERIES STATEMENT
Series statement Magic Tree House
942 ## - ADDED ENTRY ELEMENTS (KOHA)
Koha item type Long Loan Books
Holdings
Withdrawn status Lost status Collection code Home library Current library Shelving location Date acquired Accession Number Koha item type
    Fiction Rongo University Library Rongo University Library Children's Area 08/10/2024 CL20233248 Long Loan Books

© 2026 Rongo University
Contact us: librarian | system librarian | Rongo university